000 00331nam a22001337a 4500
008 170801b xxu||||| |||| 00| 0 eng d
020 _a9781133234005
041 _aeng
080 _a004
100 _a32
101 _aSHKI
245 _aCSC118 COMPUTER APPLICATIONS & CS2 118 COMPUTER APPLICATIONS II
_cSHAFFER
942 _2udc
_cBK
999 _c22321
_d22321